Jeddah, the city of commerce and industry.

Bibliographic Details
Format: Book
Published: Jeddah: Jeddah Chamber of Commerce & Industry, 199-.
Subjects:
LEADER 00493cam a2200157 7i4500
001 0000005899
005 19991025090000.0
002 ##000007546
020 0 0 |a T000005866  
090 0 0 |a SAUD 778.6   |b JED 
245 0 0 |a Jeddah, the city of commerce and industry. 
260 0 0 |a Jeddah:   |b Jeddah Chamber of Commerce & Industry,   |c 199-. 
300 0 0 |a [n. p.]. 
650 0 0 |a Jeddah, Saudi Arabia --   |x Photographs --   |x Coloring  
651 0 0 |a Saudi Arabia  
999 |a 0000008839  |b Book  |c Open shelf  |e Business Information Centre